Indian States by Religious Population - Statistics

General Stats
  • This quiz has been taken 464 times
  • The average score is 8 of 12
Answer Stats
Religion Largest Population % Correct
Sikhism Punjab (16,004,754)
91%
Punjab (57.69%)
91%
Hinduism Uttar Pradesh (199,812,341)
88%
Islam Uttar Pradesh (38,519,225)
88%
Christianity Kerala (6,141,269)
77%
Maharashtra (1.25%)
67%
Jainism Maharashtra (1,400,349)
67%
Buddhism Maharashtra (6,531,200)
67%
Sikkim (27.39%)
59%
Nagaland (87.93%)
52%
Himachal Pradesh (95.17%)
36%
Lakshadweep (96.2%)
29%
No matching quizzes found
Score Distribution
Percent of People with Each Score
Percentile by Number Answered
Your Score History
You have not taken this quiz